000 01465nam a2200349 i 4500
003 EG-GICUC
005 20260308231157.0
008 260308s19931414ua ||||fr|||| 00| 0 ara d
017 _a93/10166
020 _a9770061190
040 _a EG-GICUC
_bara
_c EG-GICUC
_d EG-GICUC
_erda
041 _aara
082 0 4 _221
_a343.6520531
_bن ج . ج
092 0 4 _221
099 _aLaw1 10 343.6520531 ن ج . ج 1 ed - 1993
100 0 _aنجاتى سيد أحمد سند
_eمؤلف.
245 1 0 _aجرائم التعزير المنظم فى المملكة العربية السعودية :
_b(دراسة تطبيقية فى ضوء أحكام ديوان المظالم والقضاء المقارن) /
_cتأليف الدكتور نجاتى سيد أحمد سند.
250 _aالطبعة الأولى،
_bه1414 -1993م
264 3 _aمصر الجديدة :
_bدار الطيف للمطبوعات،
_c1993.
300 _a465 صفحة ;
_c24 سم.
336 _2rda content
_atext
337 _2rda media
_aComputer
338 _2rda carrier
_aOnline Resource
504 _aيشتمل على إرجاعات ببليوجرافية.
546 _aالنص باللغة العربية
650 1 _aالقانون الجنائي
650 1 _aالإجرام المنظم
_zالسعودية
650 1 _aجرائم التعزير المنظم
856 4 0 _uhttps://fll.law.cu.edu.eg/fulltext/bks/B10-08332.pdf
905 _a43
942 _2ddc
_n0
_cBK
_e21
999 _c65855
_d65855